| 000 | 00675nam a22002057a 4500 | ||
|---|---|---|---|
| 999 |
_c166379 _d166379 |
||
| 005 | 20190722153406.0 | ||
| 010 | _aENG-126041 | ||
| 020 |
_a9789387698093 _c1750.00 |
||
| 035 | _aEN-109573 | ||
| 037 | _bDBAD/PUB | ||
| 082 | _a020.7 | ||
| 245 |
_aThe science and the profession of libraries -a visionary's perspective: _ced.by Asundi A.Y.[and] Meera B.M. _ba collection of 20 papers / |
||
| 260 |
_aNew Delhi _bEss Ess Publications _c2019 |
||
| 270 |
_a4831/24, Ansari Road _bDaryaganj, New Delhi _e110002 |
||
| 300 |
_axi,392p. _c22cm(Hb) |
||
| 500 | _aIncludes index | ||
| 700 | _aA.Y.Asundi | ||
| 700 | _aB.M. Meera | ||
| 942 |
_2ddc _cEN _h020.7 _mTHE |
||